000 00700nam a2200241 a 4500
001 71911
003 BD-RjUL
005 20211209082201.0
008 170509s1957 njua 001 0 eng
035 _a(BD-RjUL)72127
040 _aDLC
_cTxDaM
_dBD-RjUL
_beng
041 _aeng
082 _a536.7
_bMOI 1957
_223
100 1 _aMooney, David A.
_q(David Alfred)
_9212704
245 1 0 _aIntroduction to thermodynamics and heat transfer /
_cDavid A. Mooney
260 _aLondon :
_bLongmans,
_c1957.
300 _axi, 429 p. :
_bill. ;
_c22 cm.
500 _aIncludes index
650 0 _aThermodynamics.
_9212705
650 0 _aHeat
_xTransmission.
_9212706
942 _2ddc
_cBK
999 _c71911
_d71911